00402nam a2200121 a 450000500170000000800410001705000190005810000370007724500360011426000400015050000670019065000230025720140414132008.0110223s19uu xx 00 eng d aVCDbC61b 1982 aHuston, John (producer/director) aAnnie :bthe movie of tomorrow. aQuezon City :bMagna Vision,c1982. aThe movie runs approximately one hour and twenty minute (1:20) aMusical:xbroadway